Responses for Show #2237 - Tuesday, May 3, 1994

1994 College Championship quarterfinal game 2.

Contestants

[<< previous game]

Sarah Jane Whitten, a senior from University of Texas at Dallas

Mark Rooney, a freshman from the University of Missouri at Rolla

Maggie Bandur, a sophomore from Northwestern University

[next game >>]

Jeopardy! Round responses

MASSACHUSETTS
ROCK 'N' ROLL
FLAGS
PRESIDENTIAL TRIVIA
THE NOSE
HOMOPHONIC PAIRS
    $100 16
Plymouth Rock

Sarah Jane
    $100 1
Meat Loaf

Mark
    $100 2
the Big Dipper

Sarah Jane
    $100 11
John Quincy Adams

Maggie
    $100 21
the grindstone

Sarah Jane
    $100 26
(Mark: What is a... toad?)

a toed toad

MarkSarah Jane
    $200 17
Lexington & Concord

Mark
    $200 3
Sammy Hagar

Sarah Jane
    $200 7
Maryland

Mark
    $200 12
Gerald Ford

Sarah Jane
    $200 22
(Mark: What is the warhead?)

the nose cone

MaggieMark
    $200 27
thyme time

Sarah Jane
    $300 18
Leif Erikson

Mark
    $300 4
the Scorpions

Sarah Jane
    $300 8
a harp

Sarah Jane
    $300 13
Thomas Jefferson

Mark
    $300 23
spite one's face

Maggie
    $300 28
(Maggie: What are rows of roses?)

rose rows

MaggieSarah Jane
    $400 19
Vermont

Mark
    $400 5
Smashing Pumpkins

Mark
    $400 9
the Pacific Ocean

Mark
    $400 14
Teddy Roosevelt

Sarah Jane
    $400 24
olfactory

Maggie
    $400 29
a chorale corral

Triple Stumper
    $500 20
The Bay State

Mark
    $500 6
the Stray Cats

Sarah Jane
    $600 10
Portugal

Mark
    $500 15
Tennessee

Sarah Jane
    $500 25
copper

Sarah Jane
    $500 30
(Maggie: What is a bus bust?)

a bussed bust

MaggieSarah Jane

Scores at the first commercial break (after clue 15):

Maggie Mark Sarah Jane
$100 $2,000 $2,500

Scores at the end of the Jeopardy! Round:

Maggie Mark Sarah Jane
$200 $3,100 $4,300

Double Jeopardy! Round responses

WORLD HISTORY
LANGUAGES
FICTIONAL ANIMALS
FAMOUS LAWYERS
16th CENTURY FASHION
U.S. "A"s
    $200 6
the Battle of Waterloo

Sarah Jane
    $200 1
China

Sarah Jane
    $200 21
(Mark: Who is... Tweety?)

Woodstock

MarkSarah Jane
    $200 17
Nelson Mandela

Sarah Jane
    $200 30
(Mark: What are pockets?)
(Maggie: What are [*]?)
[Maggie's response was ruled incorrect and the decision was reversed after the break since it was an acceptable response.]

breeches (shorts)

MaggieMark
    $200 11
the American Federation of Labor

Mark
    $400 7
Lech Walesa

Sarah Jane
    $400 2
German

Sarah Jane
    $400 19
a tiger

Sarah Jane
    $400 26
Francis Scott Key

Maggie
    $400 29
garters

Mark
    $400 12
Alcatraz

Sarah Jane
    $600 8
the Panama Canal

Mark
    $600 3
Greek

Mark
    $600 14
Charlotte

Sarah Jane
    $600 25
Boswell

Mark
    $600 28
a muff

Maggie
    $600 13
Appomattox Court House

Maggie
    $800 9
the Mongol Empire

Mark
    $800 4
(Mark: What is Chinese?)

English

MarkSarah Jane
    $800 18
the Three Billy Goats Gruff

Mark
    $1,100 22
Ralph Nader

Sarah Jane
    $800 27
shoes

Maggie
    $800 16
Austin

Sarah Jane
    $1000 10
(Mark: What is Venice?)

Rome

Mark
Triple Stumper
    $1000 5
Welsh

Sarah Jane
    $1000 20
Curious George

Sarah Jane
    $1000 23
(Daniel) Webster

Mark
    $1,500 24
(Mark: What's a Baroque collar?)

a ruff

Mark
    $1000 15
(Mark: What is Alabama and... )
(Maggie: What is Alabama and Arizona?)

Alabama and Arkansas

MaggieMarkSarah Jane

Scores at the end of the Double Jeopardy! Round:

Maggie Mark Sarah Jane
$1,800 $3,400 $13,000
(lock game)

Final Jeopardy! Round responses

BANKS
(Alex: What were you going for?)
(Maggie: I was going to write, "Argh", actually.)
MaggieWhat is [unintelligible]
$1,799
MarkWhat is the Coolidge Bank?)
$3,400
Sarah JaneWhat is the Chase Bank?
$0
the Chase Manhattan Bank

Final scores:

Maggie Mark Sarah Jane
$1 $0 $13,000
2nd place: $1,000 if eliminated 3rd place: $1,000 if eliminated Automatic semifinalist

Game dynamics:

Coryat scores:

Maggie Mark Sarah Jane
$1,800 $4,800 $12,700
9 R,
3 W
18 R
(including 1 DD),
8 W
(including 1 DD)
30 R
(including 1 DD),
0 W

Combined Coryat: $19,300

[game clues] [game scores] [suggest correction]

Game tape date: 1994-02-27
The J! Archive is created by fans, for fans. Scraping, republication, monetization, and malicious use prohibited; this site may use cookies and collect identifying information. See terms. The Jeopardy! game show and all elements thereof, including but not limited to copyright and trademark thereto, are the property of Jeopardy Productions, Inc. and are protected under law. This website is not affiliated with, sponsored by, or operated by Jeopardy Productions, Inc. Join the discussion at JBoard.tv.